BUBT Library Online Catalog

শেখ মুজিব ও স্বাধীনতা সংগ্রাম / (Record no. 6619)

000 -LEADER
fixed length control field 00940nam a22002177a 4500
003 - CONTROL NUMBER IDENTIFIER
control field BUBTL
008 - FIXED-LENGTH DATA ELEMENTS--GENERAL INFORMATION
fixed length control field 211214b ||||| |||| 00| 0 eng d
020 ## - INTERNATIONAL STANDARD BOOK NUMBER
International Standard Book Number 9789849224426
082 ## - DEWEY DECIMAL CLASSIFICATION NUMBER
Classification number 954.925/ Is41s/ 1996
100 ## - MAIN ENTRY--PERSONAL NAME
9 (RLIN) 2294
Personal name ইসলাম, রফিকুল
245 ## - TITLE STATEMENT
Title শেখ মুজিব ও স্বাধীনতা সংগ্রাম /
Statement of responsibility, etc. রফিকুল ইসলাম
250 ## - EDITION STATEMENT
Edition statement 1st Edn.
260 ## - PUBLICATION, DISTRIBUTION, ETC. (IMPRINT)
Place of publication, distribution, etc. ঢাকা :
Name of publisher, distributor, etc. কাকলী প্রকাশনী,
Date of publication, distribution, etc. c1996
300 ## - PHYSICAL DESCRIPTION
Extent 575 p.:
Dimensions 22 cm.
505 ## - FORMATTED CONTENTS NOTE
Formatted contents note শেখ মুজিব, স্বাধীনতা সংগ্রাম, শেখ মুজিব ও স্বাধীনতা সংগ্রাম, রফিকুল ইসলাম, Bangabandhu
650 #0 - SUBJECT ADDED ENTRY--TOPICAL TERM
9 (RLIN) 3574
Topical term or geographic name as entry element বঙ্গবন্ধু
650 #0 - SUBJECT ADDED ENTRY--TOPICAL TERM
9 (RLIN) 4372
Topical term or geographic name as entry element Bangabandhu
856 ## - ELECTRONIC LOCATION AND ACCESS
Password 0
Logon 0
Link text Download
942 ## - ADDED ENTRY ELEMENTS (KOHA)
Source of classification or shelving scheme
Koha item type Books
Holdings
Withdrawn status Lost status Source of classification or shelving scheme Damaged status Not for loan Collection code Permanent location Current location Shelving location Date acquired Source of acquisition Inventory number Total Checkouts Full call number Barcode Date last seen Copy number Price effective from Koha item type
          Non-fiction Bangladesh University of Business and Technology Library Bangladesh University of Business and Technology Library Historical Books 03/03/2020 Purchase 26755   954.925/ Is41s/ 1996 BUBTL-200326755 12/14/2021 C-1 12/14/2021 Books

More Information About Library

Library Hours

  • Open: 9.00 am. to 9.00 pm.
  • Only Sunday: 9.00 am. to 6.00 pm.
  • Closed: Holiday

Contact to the University

Bangladesh University of Business and Technology Library

  • Mirpurl-2, 1216.
  • Phone:
  • Fax:
  • E-Mail: admin.library@bubt.edu.bd

Contact to the Library

Contact Person:

Md. Abdul Hakim Shah
Joint Librarian
PABX No:  113
Cell No: 01816332931
E-mail: official: admin.library@bubt.edu.bd
Personal: hakim.shah@bubt.edu.bd


BUBT Library

Copyright © 2021